Fasttrack Physical Pharmacy (Record no. 11419)

MARC details
000 -LEADER
fixed length control field 00374nam a22001577a 4500
003 - CONTROL NUMBER IDENTIFIER
control field OSt
008 - FIXED-LENGTH DATA ELEMENTS--GENERAL INFORMATION
fixed length control field 220709b ||||| |||| 00| 0 eng d
020 ## - INTERNATIONAL STANDARD BOOK NUMBER
International Standard Book Number 9780853697251
082 ## - DEWEY DECIMAL CLASSIFICATION NUMBER
Classification number 541.3 ATF
100 ## - MAIN ENTRY--PERSONAL NAME
Personal name ATTWOOD, David
245 ## - TITLE STATEMENT
Title Fasttrack Physical Pharmacy
260 ## - PUBLICATION, DISTRIBUTION, ETC. (IMPRINT)
Place of publication, distribution, etc London
Name of publisher, distributor, etc P..P.
Date of publication, distribution, etc 2008
300 ## - PHYSICAL DESCRIPTION
Extent 182
650 ## - SUBJECT ADDED ENTRY--TOPICAL TERM
Topical term or geographic name as entry element Physical Pharmaceutics
942 ## - ADDED ENTRY ELEMENTS (KOHA)
Source of classification or shelving scheme Dewey Decimal Classification
Koha item type Text Books
Holdings
Withdrawn status Lost status Source of classification or shelving scheme Damaged status Not for loan Collection code Home library Current library Date acquired Source of acquisition Currency Cost, normal purchase price Bill Number Total Checkouts Full call number Acc. no. / Barcode Date last seen Actual Cost, discounted price Bill Date Koha item type Date last borrowed
    Dewey Decimal Classification     B.Pharma PIET C-LIBRARY PIET C-LIBRARY 08/07/2022 Kirti Prakashan Indian Rup 450.00 IN478   615.1 ATP BP1782 09/07/2022 360.00 09/07/2022 Reference Books  
    Dewey Decimal Classification     B.Pharma PIET C-LIBRARY PIET C-LIBRARY 08/07/2022 Kirti Prakashan Indian Rup 450.00 IN478 1 615.1 ATP BP1783 11/09/2023 360.00 09/07/2022 Text Books 21/01/2023
    Dewey Decimal Classification     B.Pharma PIET C-LIBRARY PIET C-LIBRARY 08/07/2022 Kirti Prakashan Indian Rup 450.00 IN478   615.1 ATP BP1784 09/07/2022 360.00 09/07/2022 Text Books  
    Dewey Decimal Classification     B.Pharma PIET C-LIBRARY PIET C-LIBRARY 08/07/2022 Kirti Prakashan Indian Rup 450.00 IN478   615.1 ATP BP1785 09/07/2022 360.00 09/07/2022 Text Books  
    Dewey Decimal Classification     B.Pharma PIET C-LIBRARY PIET C-LIBRARY 08/07/2022 Kirti Prakashan Indian Rup 450.00 IN478   615.1 ATP BP1786 09/07/2022 360.00 09/07/2022 Text Books  

Design & Developed by: PIET Central Library
R70 Miles Stone Pattikalyana Samalkha Panipat 132102
mail ID :- [email protected], Phone No:- 0180-2569700 Ex.216